[Event "SVK-ch U14 Girls"]
[Site "Lubovna"]
[Date "2020.08.21"]
[Round "6"]
[White "Rachelova, Diana"]
[Black "Kapicakova, Lucia"]
[Result "0-1"]
[WhiteElo "1000"]
[BlackElo "1591"]
[PlyCount "98"]
[EventDate "2020.08.15"]
[EventType "tourn"]
[EventRounds "7"]
[EventCountry "SVK"]
[SourceTitle "EXT 2021"]
[Source "ChessBase"]
[SourceDate "2020.10.23"]
[SourceVersion "1"]
[SourceVersionDate "2020.10.23"]
[SourceQuality "1"]

1. e4 c6 2. g3 d5 3. Bg2 dxe4 4. Bxe4 Nf6 5. Bg2 Bf5 6. Nf3 e6 7. d4 Nbd7 8. Bf4 Nd5 9. Qd2 Nxf4 10. Qxf4 Bxc2 11. 0-0 Nf6 12. Ne5 Bd6 13. Nc3 0-0 14. Rfe1 Nd5 15. Nxd5 cxd5 16. Rac1 Bg6 17. Qg4 Bxe5 18. Rxe5 Rc8 19. Rce1 Rc2 20. R1e2 Rxe2 21. Rxe2 Qc7 22. a3 Qc1+ 23. Bf1 Bd3 24. Kg2 Bxe2 25. Qxe2 h6 26. Qb5 Qc6 27. Qxc6 bxc6 28. b4 f6 29. b5 cxb5 30. Bxb5 e5 31. dxe5 fxe5 32. Kf1 Kf7 33. Ke2 Ke6 34. f3 Rc8 35. Bd3 Rc3 36. a4 Rxd3 37. Kxd3 Kd6 38. f4 e4+ 39. Kd4 Ke6 40. g4 g6 41. h3 Kd6 42. h4 Ke6 43. a5 h5 44. g5 Kf5 45. Ke3 a6 46. Kd4 Kxf4 47. Kxd5 e3 48. Kc5 e2 49. Kb6 e1Q 0-1

[Event "SVK-ch U14 Girls"]
[Site "Lubovna"]
[Date "2020.08.20"]
[Round "5"]
[White "Romanova, Ela"]
[Black "Rachelova, Diana"]
[Result "1-0"]
[WhiteElo "1529"]
[BlackElo "1000"]
[PlyCount "61"]
[EventDate "2020.08.15"]
[EventType "tourn"]
[EventRounds "7"]
[EventCountry "SVK"]
[SourceTitle "EXT 2021"]
[Source "ChessBase"]
[SourceDate "2020.10.23"]
[SourceVersion "1"]
[SourceVersionDate "2020.10.23"]
[SourceQuality "1"]

1. e4 e5 2. Nc3 Nc6 3. f4 f6 4. Bc4 Bc5 5. d3 d6 6. Nf3 Nge7 7. Bd2 b6 8. Qe2 Bb7 9. f5 g6 10. g4 Nd4 11. Nxd4 Bxd4 12. 0-0-0 d5 13. Bb3 Qd7 14. Rdf1 Rf8 15. g5 0-0-0 16. fxg6 hxg6 17. gxf6 Ng8 18. Nxd5 Bxd5 19. Bxd5 Nxf6 20. Bb3 Kb7 21. Bg5 Qe7 22. Rf3 Rd6 23. Rhf1 Qg7 24. Qg2 Nd7 25. Rxf8 Nxf8 26. Rf7 Qh8 27. Bd5+ Ka6 28. c3 c6 29. cxd4 cxd5 30. Qc2 Ne6 31. Qa4# 1-0

[Event "SVK-ch U14 Girls"]
[Site "Liptovsky Mikulas"]
[Date "2019.04.30"]
[Round "9"]
[White "Carnecka, Stella"]
[Black "Rachelova, Diana"]
[Result "1-0"]
[WhiteElo "1488"]
[BlackElo "1000"]
[PlyCount "111"]
[EventDate "2019.04.23"]
[EventType "swiss"]
[EventRounds "9"]
[EventCountry "SVK"]
[SourceTitle "CBM 190 Extra"]
[Source "ChessBase"]
[SourceDate "2019.07.15"]
[SourceVersion "1"]
[SourceVersionDate "2019.07.15"]
[SourceQuality "1"]

1. e4 e5 2. Nf3 Nc6 3. Bc4 Bc5 4. Nc3 Nf6 5. d3 d6 6. h3 h6 7. Be3 Bxe3 8. fxe3 0-0 9. 0-0 Be6 10. Bb3 Qd7 11. Kh2 Na5 12. d4 Nxb3 13. axb3 Qc6 14. d5 Nxd5 15. exd5 Bxd5 16. Qxd5 Qxd5 17. Nxd5 Rac8 18. Rxa7 c6 19. Nb6 Rc7 20. Nc4 Rd8 21. Rd1 d5 22. Ncxe5 f6 23. Nd3 Re8 24. Nc5 Rb8 25. Nd4 g5 26. Nf5 Kh7 27. Nd6 Re7 28. Rd3 Rd8 29. Rxb7 Rxb7 30. Ncxb7 Rg8 31. b4 g4 32. hxg4 Rxg4 33. b5 cxb5 34. Nxb5 h5 35. Rxd5 h4 36. Nd4 Rg3 37. Rh5+ Kg6 38. Rxh4 Rxe3 39. Rh3 Rxh3+ 40. Kxh3 f5 41. b4 Kf6 42. Kg3 Ke5 43. Nb5 f4+ 44. Kf3 Kf5 45. c4 Ke5 46. c5 Kf5 47. c6 Ke5 48. c7 Kf5 49. c8Q+ Ke5 50. Qc5+ Ke6 51. Kxf4 Kf6 52. Qd6+ Kf7 53. Kg5 Kg7 54. Qe7+ Kg8 55. Kg6 Kh8 56. Qg7# 1-0